ऐशेज एंड फायर / (Record no. 206246)
[ view plain ]
| 000 -LEADER | |
|---|---|
| fixed length control field | 00780nam a22001937a 4500 |
| 005 - DATE AND TIME OF LATEST TRANSACTION | |
| control field | 20241010141029.0 |
| 010 ## - LCCN (DPL NO) | |
| LC control number | HIN-128557 |
| 020 ## - INTERNATIONAL STANDARD BOOK NUMBER | |
| International Standard Book Number | 9789356847446 |
| Terms of availability | 250.00 |
| 035 ## - SYSTEM CONTROL NUMBER | |
| System control number | HN-100903 |
| 037 ## - SOURCE OF ACQUISITION | |
| Source of stock number/acquisition | DBAD |
| 082 ## - DEWEY DECIMAL CLASSIFICATION NUMBER | |
| Classification number | उ |
| 100 ## - MAIN ENTRY--PERSONAL NAME | |
| Personal name | शर्मा, विकास |
| 245 ## - TITLE STATEMENT | |
| Title | ऐशेज एंड फायर / |
| Statement of responsibility, etc | विकास शर्मा |
| 246 ## - VARYING FORM OF TITLE | |
| Title proper/short title | Ashes and Fire |
| 260 ## - PUBLICATION, DISTRIBUTION, ETC. (IMPRINT) | |
| Place of publication, distribution, etc | नई दिल्ली |
| Name of publisher, distributor, etc | डायमंड पॉकेट बुक्स |
| Date of publication, distribution, etc | 2023 |
| 270 ## - ADDRESS | |
| Address | X-30, ओखला इंडस्ट्रियल एरिया, फेज-2 |
| City | नई दिल्ली |
| Postal code | 110020 |
| Telephone number | 011-40712200 |
| Electronic mail address | sales@dpb.in |
| 300 ## - PHYSICAL DESCRIPTION | |
| Extent | 152 पृ. |
| Dimensions | 22 सेमी (अजिल्द) |
| 942 ## - ADDED ENTRY ELEMENTS (KOHA) | |
| Item type | Hindi Books |
| Source of classification or shelving scheme | Dewey Decimal Classification |
| Classification part | उ |
| Call number suffix | शर्मावि |
| Withdrawn status | Lost status | Not for loan | Collection code | Home library | Current library | Date acquired | Source of acquisition | Cost, normal purchase price | Full call number | Barcode | Copy number | Cost, replacement price | Koha item type |
|---|---|---|---|---|---|---|---|---|---|---|---|---|---|
| Fiction | Bawana | Bawana | 10/10/2024 | DBAD | 250.00 | उ शर्मावि | HN-100903 | 1 | 250.00 | Hindi Books |
